Überzeugungen, Wandlungen und Zuschreibungen : (Titelsatznr. 31752)
[ MARC ]
| 000 -Satzkennung | |
|---|---|
| Kontrollfeld mit fester Länge | 01064nam a22003131c 4500 |
| 001 - Kontrollnummer | |
| Kontrollfeld | a987695001 |
| 008 - Feld mit fester Länge zur physischen Beschreibung - Allgemeine Angaben | |
| Kontrollfeld mit fester Länge | 200918s2019 gw |||| 000u ger d |
| 020 ## - Internationale Standardbuchnummer | |
| Internationale Standardbuchnummer | 9783848749157 |
| -- | 978-3-8452-9128-4 |
| Verknüpfung | 978-3-8487-4915-7 |
| 041 ## - Sprachcode | |
| Sprachcode des Textes/der Tonspur oder des separaten Titels | ger |
| 040 ## - Katalogisierungsquelle | |
| Übertragungsstelle | RU-10907106 |
| 003 - Kontrollnummer Identifier | |
| Kontrollfeld | RU-10907106 |
| 245 00 - Titel | |
| Titel | Überzeugungen, Wandlungen und Zuschreibungen : |
| Zusatz zum Titel | das Staatsverständnis Otto von Bismarcks / |
| Verfasserangabe etc. | Ulrich Lappenküper, Ulf Morgenstern (Hrsg.) |
| 250 ## - Ausgabebezeichnung | |
| Ausgabebezeichnung | 1. Auflage |
| 264 ## - Produktion, Veröffentlichung, Distribution, Herstellung und Urheberrechtsvermerk | |
| Herstellungs-, Veröffentlichungs- Vertriebs-, Erzeugungsort | Baden-Baden : |
| Produzent, Herausgeber, Distributor, Hersteller | Nomos, |
| Datum der Herstellung, der Veröffentlichung, des Vertriebs oder des Urheberschutzvermerks | 2019 |
| 300 ## - Physische Beschreibung | |
| Umfang | 257 Seiten |
| 336 ## - Inhaltstyp | |
| Inhaltstypterm | Text |
| Inhaltstypcode | txt |
| Quelle | rdacontent |
| 337 ## - Medientyp | |
| Bezeichnung des Medientyps | Computermedien |
| Medientypcode | c |
| Quelle | rdamedia |
| 338 ## - Datenträgertyp | |
| Datenträgertypbezeichnung | Online-Ressource |
| Datenträgertypcode | cr |
| Quelle | rdacarrier |
| 490 #0 - Gesamttitelangabe | |
| Gesamttitelangabe | Staatsverständnisse |
| Bandnummer/Folgebezeichnung | 130 |
| 500 ## - Allgemeine Fußnote | |
| Allgemeine Fußnote | E-Book-Nomos eLibrary / Zugriff nur im DHI-Lesesaal |
| 600 #0 - Nebeneintragung unter einem Schlagwort - Personenname | |
| Personenname | Bismarck, Otto von |
| 650 #0 - Nebeneintragung unter einem Schlagwort - Sachschlagwort | |
| Sachschlagwort oder geografischer Name als Eintragungselement | Politisches Denken |
| 650 #0 - Nebeneintragung unter einem Schlagwort - Sachschlagwort | |
| Sachschlagwort oder geografischer Name als Eintragungselement | Politik |
| 655 #0 - Indexierungsterm - Genre/Form | |
| Genre/Form oder fokussierter Term | Aufsatzsammlung |
| 700 1# - Nebeneintragung - Personenname | |
| Personenname | Lappenküper, Ulrich |
| Funktionsbezeichnung | HerausgeberIn |
| 700 1# - Nebeneintragung - Personenname | |
| Personenname | Morgenstern, Ulf |
| Funktionsbezeichnung | HerausgeberIn |
| 856 4# - Elektronische Adresse und Zugriff | |
| URL | <a href="https://doi.org/10.5771/9783845291284">https://doi.org/10.5771/9783845291284</a> |
| 942 ## - Zusätzliche Felder (Koha) | |
| Koha-Medientyp | E-Books |
| Ausgeschieden | Verloren | Beschädigt | Nicht entleihbar | Heimatbibliothek | Aufenthaltsbibliothek | Aufstellungsort | Erwerbungsdatum | Inventarnummer | Signatur | Barcode | Letzte Aktivität | Preis gültig von | Koha-Medientyp |
|---|---|---|---|---|---|---|---|---|---|---|---|---|---|
| MWN Osteuropa | MWN Osteuropa | Online-Ressource | 18/09/2020 | 20-e00843 | E-20-e00843 | 31756 | 18/03/2021 | 22/03/2021 | E-Books |